000 nam a22 7a 4500
999 _c9108
_d9108
008 180123b ||||| |||| 00| 0 eng d
100 _aJaini. C
_95388
245 _aABC of Computers
260 _aNew Delhi
_bHoly Faith Publication
_c2009